Meniti kemerdekaan

Bibliographic Details
Main Author: Nur Aqielah
Format: Book
Published: Kuala Lumpur : Goodmark Enterprise , 2010
Series:Siri asas negara bangsa
Subjects:

MARC

LEADER 00000cam a2200000 7i4500
001 0000140453
005 20100415.0
020 |a 9789830574929 
090 0 0 |a 959.5   |b NUR 
100 0 |a Nur Aqielah 
245 1 0 |a Meniti kemerdekaan   |c Nur Aqielah 
260 |a Kuala Lumpur :   |b Goodmark Enterprise ,   |c 2010 
300 |a 100p. ;   |c 19cm. 
490 0 |a Siri asas negara bangsa 
650 0 0 |a Independence Day (Malaysia)   |x Juvenile literature 
651 0 |a Malaysia   |x History   |x Juvenile literature 
651 0 |a Malaysia   |x Politics and government   |x Juvenile literature 
999 |a 00232769   |b BUKU   |c JUNIOR BOOKS   |e PERPUSTAKAAN KOMUNITI CAW KOTA DAMANSARA 
999 |a 00232770   |b BUKU   |c JUNIOR BOOKS   |e PERPUSTAKAAN KOMUNITI CAW KOTA DAMANSARA 
999 |a 00279127   |b BUKU   |c JUNIOR BOOKS   |e PERPUSTAKAAN KOMUNITI CAW TAMAN MEDAN